000 01108nam a2200253 a 4500
001 000005823
005 20211129112639.0
008 090824s1997 dr d 000 0 spa d
040 _aDO-SdBNP
_bspa
_cBNPHU
082 _a338.16
_bR426p
110 1 _aRepública Dominicana. Secretaría de Estado de Agricultura
_916446
245 1 0 _aPlan de acción para impulsar el desarrollo y la competitividad del sector agropecuario.
260 _aSantiago de los Caballeros, República Dominicana :
_bSEA : ISA : AID : JAD : FDA,
_c1997.
300 _a88 P. :
_bdiagr. ;
_c27 cm.
504 _aIncluye referencias bibliográficas y notas al pie de las páginas
504 _aIncluye bibliografías (p. 74)
650 4 _aAgricultura
_xPlaneación
_916447
650 4 _aAgricultura de paises en desarrollo
_916448
710 1 _aSecretaría de Estado de Agricultura
_916449
710 1 _aInstituto Superior de Agricultura
_916450
710 1 _a United States.
_b Agency for International Development
_958056
710 1 _aJunta Agroempresarial Dominicana
_916452
710 1 _aFundación de Desarrollo Agropecuario
_916453
999 _c5619
_d5619